000 01127cam a2200229 4500
001 ABS65633
008 020702n2002 000 0 eng u
035 _a(Sirsi) u118651
100 _aEade, C.
245 _aCan landlords get a slice of the action?
260 _c2002
490 _aProperty Week
_v67(22) 40-48(4)
520 _aDiscusses recent disputes with landlords and supermarkets which have seen unfavourable amounts of rent given to various owners such as British Land. In a dispute with Sainsbury's rent review surveyors went closer with what Sainsbury's was due to pay than what British Land were asking. In an attempt to increase rental growth, British Land has adopted an affordability model created by the Oxford Retail Group which would as an example see British Land take the profit of a supermarket chain divide it by the number of stores and then attempt to enforce the new rent.
590 _aABS
650 _aRENT REVIEWS
650 _aSUPERMARKETS
650 _aSAINSBURYS
650 _aBRITISH LAND
650 _aRENT INCREASES
690 _aLANDLORD AND TENANT-RENT REVIEWS
942 _n0
999 _c70657
_d70657